000 00490nam a22001817a 4500
005 20260515163620.0
008 260515b |||||||| |||| 00| 0 eng d
020 _a9781493938438
_c7936.94
040 _aMAIN
041 _aEnglish
082 _a006.3
_bBIS
100 _aBishop, Christopher M.
_922497
245 _aPattern Recognition And Machine Learning
260 _aUnited Kingdom
_bSpringer
_c2009
300 _a738
650 _aComputer Science (PM (USHA)
_926808
942 _cBK
999 _c60815
_d60815